[Event "MEX ol U16 Girls"]
[Site "Guanajuato"]
[Date "2002.07.14"]
[Round "2"]
[White "Yerena Ortiz, Lidia"]
[Black "Vazquez Escalona, Maria Guadalupe"]
[Result "0-1"]
[WhiteElo "1383"]
[BlackElo "1637"]
[PlyCount "76"]
[EventDate "2002.07.13"]
[EventType "swiss"]
[EventRounds "6"]
[EventCountry "MEX"]
[SourceTitle "EXT 2003"]
[Source "ChessBase"]
[SourceDate "2002.11.25"]
[SourceVersion "1"]
[SourceVersionDate "2002.11.25"]
[SourceQuality "1"]

1. e4 c5 2. Nf3 d6 3. Bc4 Nf6 4. Nc3 a6 5. d3 e6 6. Bg5 Be7 7. Qd2 Nc6 8. 0-0 0-0 9. a3 b5 10. Ba2 Bb7 11. Rfe1 Qc7 12. Rad1 Rfd8 13. Qe2 Rac8 14. d4 cxd4 15. Nxd4 Ne5 16. Bxf6 Bxf6 17. Nxe6 fxe6 18. Bxe6+ Nf7 19. Bxc8 Rxc8 20. Rd3 Ne5 21. Rg3 Nc4 22. Nd5 Bxd5 23. exd5 Nxb2 24. Re3 Be5 25. c3 Nc4 26. Re4 Qc5 27. Kh1 Rf8 28. f4 Bxf4 29. Rxf4 Rxf4 30. Qe8+ Rf8 31. Qe6+ Kh8 32. Qf7 Qc8 33. Qe6 h6 34. Qxc8 Rxc8 35. Ra1 Rc5 36. g4 Rxd5 37. h4 Rd3 38. Rc1 Rh3+ 0-1